000 00998nam0a22002651 4500
001 rc\4505219
005 20250612102758.0
021 _aRU
_b[59-39832]
035 _a(NLR Aleph) 008615597
090 _a8790763
_c8790763
100 _a20130416d1959 |||y0rusy50 ca
101 0 _arus
102 _aRU
105 _ay z |||||
200 1 _aВнедрение новой и улучшение использования наличной техники - важнейший фактор повышения производительности труда
_fАкад. наук Кирг. ССР. Ин-т экономики
210 _aФрунзе
_cБ. и.
_d1959
215 _a168 с.
_d22
300 _aРезюме на кирг. яз.
606 _aПроизводительность труда в промышленности
_2psbo
700 1 _aКосивцов
_bН.Н.
801 0 _aRU
_bNLR
_gpsbo
801 1 _aRU
_bELAR
_2rusmarc
852 _aNLR
_j59-5/2868
942 _cBOOK
980 _aNB